[Event "Barcelona Sant Marti op-B 23rd"]
[Site "Barcelona"]
[Date "2023.07.20"]
[Round "8"]
[White "Riera Ribas, Marti"]
[Black "Morais Carreras, Javier"]
[Result "1-0"]
[WhiteElo "1692"]
[BlackElo "1818"]
[PlyCount "91"]
[EventDate "2023.07.13"]
[EventType "swiss"]
[EventRounds "9"]
[EventCountry "ESP"]
[SourceTitle "CBM 215 Extra"]
[Source "ChessBase"]
[SourceDate "2023.09.30"]
[SourceVersion "1"]
[SourceVersionDate "2023.09.30"]
[SourceQuality "1"]

1. e4 e5 2. Nf3 Nf6 3. Nxe5 d6 4. Nf3 Nxe4 5. Nc3 Nxc3 6. dxc3 Be7 7. Be3 Nc6 8. Qd2 Be6 9. 0-0-0 Bxa2 10. b3 a5 11. Kb2 a4 12. Ra1 axb3 13. cxb3 Bxb3 14. Rxa8 Qxa8 15. Kxb3 Qa1 16. Qb2 Na5+ 17. Kc2 Qa4+ 18. Kd2 0-0 19. Bd3 h6 20. Re1 Bf6 21. Ke2 Qc6 22. Bd4 Nc4 23. Qb4 Re8+ 24. Kf1 Rxe1+ 25. Kxe1 Ne5 26. Bxe5 dxe5 27. Be4 Qa6 28. Qxb7 Qa1+ 29. Ke2 g6 30. Qxc7 Qb2+ 31. Kf1 Qc1+ 32. Ne1 Qd2 33. c4 Bd8 34. Qxe5 Ba5 35. Bd5 Kf8 36. Qe3 Qb4 37. Qxh6+ Kg8 38. Qe3 Kf8 39. Nd3 Qb1+ 40. Ke2 Qc2+ 41. Kf3 Bd2 42. Qe2 Qc3 43. g3 Bg5 44. Kg2 Bf6 45. Nc5 Kg7 46. Qe8 1-0

[Event "Barcelona Sant Marti op-B 23rd"]
[Site "Barcelona"]
[Date "2023.07.17"]
[Round "5"]
[White "Julia Yebra, David"]
[Black "Riera Ribas, Marti"]
[Result "1-0"]
[WhiteElo "1777"]
[BlackElo "1692"]
[PlyCount "125"]
[EventDate "2023.07.13"]
[EventType "swiss"]
[EventRounds "9"]
[EventCountry "ESP"]
[SourceTitle "CBM 215 Extra"]
[Source "ChessBase"]
[SourceDate "2023.09.30"]
[SourceVersion "1"]
[SourceVersionDate "2023.09.30"]
[SourceQuality "1"]

1. c4 Nf6 2. g3 d5 3. cxd5 Nxd5 4. Bg2 c5 5. Nc3 Nxc3 6. bxc3 Nc6 7. Nf3 g6 8. 0-0 Bg7 9. a4 0-0 10. Ba3 c4 11. Nd4 Nxd4 12. cxd4 Bxd4 13. Rb1 Qc7 14. Qc2 Rb8 15. d3 c3 16. Rb4 Bf6 17. Rc4 Qd8 18. d4 Be6 19. Rxc3 Qxd4 20. Rd3 Bf5 21. Rxd4 Bxc2 22. Rc4 Bf5 23. Rc7 Rfe8 24. Rxb7 Rxb7 25. Bxb7 Rb8 26. Bf3 Rb3 27. Bc5 a5 28. Rd1 e6 29. Kg2 e5 30. Bd5 Rb2 31. e4 Bg4 32. Rd3 Be2 33. Rc3 Rb1 34. h3 Kg7 35. Bd6 Rb6 36. Bc7 Ra6 37. Rc6 Rxc6 38. Bxc6 Be7 39. Bxa5 Kf6 40. Bc7 Bc4 41. a5 Ba6 42. Bd7 Bb4 43. Bd8+ Be7 44. Bc7 Bc5 45. Bc6 Bb4 46. h4 h5 47. Bd5 Bc5 48. Bb6 Bd6 49. Kf3 Ke7 50. Ke3 f5 51. exf5 gxf5 52. Bf3 Ba3 53. Kd2 Bb4+ 54. Kc2 e4 55. Bxh5 Kf6 56. Be8 Bd6 57. h5 f4 58. Bd4+ Kg5 59. gxf4+ Bxf4 60. Be3 Bxe3 61. fxe3 Kh6 62. Kc3 Kg7 63. Kd4 1-0

[Event "Barcelona Sant Marti op-B 23rd"]
[Site "Barcelona"]
[Date "2023.07.14"]
[Round "2"]
[White "Riera Ribas, Marti"]
[Black "Codina Garcia, Jose"]
[Result "1-0"]
[WhiteElo "1692"]
[BlackElo "1867"]
[PlyCount "100"]
[EventDate "2023.07.13"]
[EventType "swiss"]
[EventRounds "9"]
[EventCountry "ESP"]
[SourceTitle "CBM 215 Extra"]
[Source "ChessBase"]
[SourceDate "2023.09.30"]
[SourceVersion "1"]
[SourceVersionDate "2023.09.30"]
[SourceQuality "1"]

1. e4 e6 2. d4 d5 3. Bd3 dxe4 4. Bxe4 Nf6 5. Bf3 c5 6. Ne2 Nc6 7. Be3 cxd4 8. Nxd4 Ne5 9. 0-0 Be7 10. c4 a6 11. Nd2 Nxf3+ 12. Qxf3 0-0 13. a3 Qc7 14. Rfd1 Rd8 15. Rac1 Bd7 16. b4 Rac8 17. Ne4 Nxe4 18. Qxe4 Bc6 19. Nxc6 Qxc6 20. Qxc6 Rxc6 21. Rxd8+ Bxd8 22. Rd1 Be7 23. Rd7 Rd6 24. Rxd6 Bxd6 25. c5 Bc7 26. Kf1 Kf8 27. Ke2 Ke7 28. a4 e5 29. Kd3 Ke6 30. Kc4 f5 31. b5 axb5+ 32. axb5 g6 33. b6 Bb8 34. Kb5 Kd5 35. c6 bxc6+ 36. Ka6 c5 37. Kb7 Bd6 38. Kc8 f4 39. Bc1 Kc4 40. b7 Kb3 41. Bd2 c4 42. Ba5 c3 43. Bc7 Bxc7 44. Kxc7 c2 45. b8Q+ Ka2 46. Qa7+ Kb1 47. Qb7+ Ka2 48. Qa6+ Kb2 49. Qb5+ Ka2 50. Qc4+ Kb1 1-0

[Event "Foment Martinenc op-A 23rd"]
[Site "Barcelona"]
[Date "2023.05.20"]
[Round "5"]
[White "Riera Ribas, Marti"]
[Black "Torrent San Nicolas, Biel"]
[Result "0-1"]
[WhiteElo "1564"]
[BlackElo "1915"]
[PlyCount "159"]
[EventDate "2023.04.22"]
[EventType "swiss"]
[EventRounds "9"]
[EventCountry "ESP"]
[SourceTitle "EXT 2024"]
[Source "ChessBase"]
[SourceDate "2023.10.10"]
[SourceVersion "1"]
[SourceVersionDate "2023.10.10"]
[SourceQuality "1"]

1. e4 c5 2. Nf3 d6 3. d4 cxd4 4. Nxd4 Nf6 5. Nc3 a6 6. g3 e5 7. Nb3 h6 8. Bg2 Be7 9. 0-0 b5 10. a4 b4 11. Nd5 Bb7 12. Nxb4 0-0 13. Re1 a5 14. Nd5 Nxd5 15. exd5 f5 16. c4 e4 17. Nd4 Bc8 18. f3 exf3 19. Bxf3 Bf6 20. Ne6 Bxe6 21. dxe6 Ra6 22. Bd5 Kh8 23. Qh5 Qe7 24. Be3 Nc6 25. Rac1 Nb4 26. Qd1 Bxb2 27. Rb1 Bc3 28. Bd2 Bxd2 29. Qxd2 Rc8 30. Qg2 Ra7 31. Qf3 Rf8 32. Qc3 Rc7 33. Qd2 Rf6 34. Rbc1 Rc5 35. Qd4 Rf8 36. Rf1 Rf6 37. Rc3 Nc6 38. Qd2 Ne5 39. Rb1 Rxe6 40. Rb7 Qf6 41. Bxe6 Qxe6 42. Rb8+ Kh7 43. Qe2 d5 44. cxd5 Qxd5 45. Rbb3 Ng4 46. Rxc5 Qxc5+ 47. Kf1 Qd5 48. Qb2 Qh1+ 49. Ke2 Qxh2+ 50. Kd1 Qh1+ 51. Kc2 Qc6+ 52. Kb1 Qxa4 53. Rb5 Qe4+ 54. Ka2 Qc4+ 55. Ka3 a4 56. Rb7 Qc5+ 57. Ka2 Qd5+ 58. Ka3 Qd6+ 59. Ka2 Qf6 60. Qb4 Nf2 61. Qxa4 Qe6+ 62. Rb3 Ne4 63. Ka3 Qd6+ 64. Qb4 Qxb4+ 65. Kxb4 Kg6 66. Rd3 Kg5 67. Kc4 Kg4 68. Rd7 g5 69. Rh7 h5 70. Kd3 Nxg3 71. Ke3 f4+ 72. Kf2 Ne4+ 73. Kg2 f3+ 74. Kf1 Kf4 75. Rf7+ Kg3 76. Rf5 h4 77. Rf7 g4 78. Rf5 h3 79. Kg1 h2+ 80. Kh1 0-1

[Event "Foment Martinenc op-A 23rd"]
[Site "Barcelona"]
[Date "2023.05.06"]
[Round "3"]
[White "Riera Ribas, Marti"]
[Black "Ruiz Soria, Adria"]
[Result "1/2-1/2"]
[WhiteElo "1564"]
[BlackElo "1909"]
[PlyCount "82"]
[EventDate "2023.04.22"]
[EventType "swiss"]
[EventRounds "9"]
[EventCountry "ESP"]
[SourceTitle "EXT 2024"]
[Source "ChessBase"]
[SourceDate "2023.10.10"]
[SourceVersion "1"]
[SourceVersionDate "2023.10.10"]
[SourceQuality "1"]

1. e4 e6 2. d4 d5 3. Bd3 dxe4 4. Bxe4 Nf6 5. Bf3 c5 6. Ne2 Nc6 7. Be3 cxd4 8. Nxd4 Ne5 9. 0-0 Be7 10. c4 0-0 11. Nd2 Nxf3+ 12. Qxf3 Qa5 13. a3 Qh5 14. Nb5 Qxf3 15. Nxf3 b6 16. Rfd1 Bb7 17. Ne5 Rfc8 18. Nd6 Bxd6 19. Rxd6 h6 20. Rad1 Be4 21. f3 Bb7 22. R1d4 Kf8 23. b3 Rc7 24. Nd7+ Nxd7 25. Rxd7 Rxd7 26. Rxd7 Bc8 27. Rd8+ Ke7 28. Rg8 Kf6 29. Bd4+ e5 30. Bc3 Bb7 31. Rxa8 Bxa8 32. f4 Kf5 33. Bxe5 g6 34. Bb8 a6 35. b4 b5 36. c5 Ke4 37. Kf2 Kd3 38. g3 Ke4 39. Ke2 h5 40. Be5 Bc6 41. Kd2 Bd7 1/2-1/2